The epistle to the Philippians. (Record no. 17024)

000 -LEADER
fixed length control field 00481nam a2200169 a 4500
001 - CONTROL NUMBER
control field :::00020445$&:&@@
003 - CONTROL NUMBER IDENTIFIER
control field OkBaRHE
005 - DATE AND TIME OF LATEST TRANSACTION
control field 20020306144540.0
008 - FIXED-LENGTH DATA ELEMENTS--GENERAL INFORMATION
fixed length control field s1952 j 000 0 eng u
040 ## - CATALOGING SOURCE
Transcribing agency
100 1# - MAIN ENTRY--PERSONAL NAME
Personal name Meyer, F. B.
245 14 - TITLE STATEMENT
Title The epistle to the Philippians.
260 ## - PUBLICATION, DISTRIBUTION, ETC. (IMPRINT)
Place of publication, distribution, etc Grand Rapids, MI
Name of publisher, distributor, etc Zondervan
Date of publication, distribution, etc 1952
300 ## - PHYSICAL DESCRIPTION
Extent 191 p.
942 ## - ADDED ENTRY ELEMENTS (KOHA)
Source of classification or shelving scheme
Koha item type Books
Copies
Not for loan Permanent Location Damaged status Withdrawn status Lost status Source of classification or shelving scheme Barcode Full call number Koha item type Date acquired Date last seen Copy number Price effective from Shelving location
 RHEMA Bible Training College    20445BS 2704 .M4Books2010-04-142018-04-0312010-04-14General Stacks